Medallero de los Juegos Olímpicos - Balonmano - Estadísticas

Estadísticas generales
  • Esta prueba ha sido intentada 151 veces
  • La puntuación promedio es 11 de 15
Estadísticas de respuestas
Total Oro Plata Bronce País % Correcto
6 0 0 6 España
98%
8 4 3 1 Francia
97%
4 0 4 0 Suecia
96%
7 5 1 1 Dinamarca
94%
4 1 2 1 Alemania
93%
3 1 1 1 Alemania Oriental
93%
8 3 2 3 Noruega
92%
4 2 1 1 Rusia
85%
3 2 0 1 Croacia
76%
3 0 1 2 Hungría
65%
5 3 1 1 Yugoslavia
62%
2 1 0 1 Equipo Unificado
50%
6 4 1 1 Unión Soviética
49%
4 0 1 3 Rumania
47%
7 2 4 1 Corea del Sur
25%
No se encontraron pruebas coincidentes
Distribución de puntuación
Porcentaje de gente con cada puntuación
Porcentaje por número respondido
Historial de tus puntuaciones
No has intentado esta prueba.